000 00611nam a2200217 a 4500
001 54657
003 BD-RJUL
005 20211209080142.0
008 500101s20021946xx 000 0 eng d
035 _aBD-RJUL 54779
040 _aVTU
_cVTU
_dEQO
_beng
041 _aeng
082 _223
_a954
_bNED 2002
090 _aDS436
_b.A1N4 1960
100 1 _aNehru, Jawaharlal,
_d1889-1964.
_9163003
245 1 4 _aThe discovery of India /
_cJawaharlal Nehru
260 _aLondon :
_bMeridian Books,
_c1999 [impression 2002]
300 _a592 p. ;
_c19 cm
651 0 _aIndia
_xHistory
_9163004
942 _2ddc
_cBK
999 _c54657
_d54657